| LEADER | 00887nam a2200169 4500 | ||
|---|---|---|---|
| 082 | |a 510.76 |b NG450L | ||
| 100 | |a Ngô Long Hậu | ||
| 245 | |a Để học tốt toán 12 |c Ngô Long Hậu, Hoàng Ngọc Anh, Mai Trường Giáo | ||
| 260 | |a H.: |b Đại học Quốc gia, |c 2008.- | ||
| 300 | |a 251 tr.; |c 24 cm. | ||
| 520 | |a v.v... | ||
| 653 | |a Toán học | ||
| 942 | |2 ddc |c STK0 | ||
| 999 | |c 6936 |d 6936 | ||
| 952 | |0 0 |1 0 |2 ddc |4 0 |6 510_760000000000000_NG450L |7 0 |8 500 |9 64619 |a qbu |b qbu |c D3 |d 2015-01-26 |g 40000 |l 1 |o 510.76 NG450L |p 6841.c1 |r 2017-12-29 |s 2017-12-20 |w 2015-01-26 |y STK0 | ||
| 952 | |0 0 |1 0 |2 ddc |4 0 |6 510_760000000000000_NG450L |7 0 |8 500 |9 64620 |a qbu |b qbu |c D3 |d 2015-01-26 |g 40000 |l 1 |o 510.76 NG450L |p 6841.c2 |r 2017-12-29 |s 2016-03-01 |w 2015-01-26 |y STK0 | ||
| 952 | |0 0 |1 0 |2 ddc |4 0 |6 510_760000000000000_NG450L |7 0 |8 500 |9 64621 |a qbu |b qbu |c D3 |d 2015-01-26 |g 40000 |o 510.76 NG450L |p 6841.c3 |r 0000-00-00 |w 2015-01-26 |y STK0 | ||